<?xml version="1.0" encoding="UTF-8"?>
<marc:record xmlns:marc="http://www.loc.gov/MARC21/slim">
   <marc:leader>00000nam a2200000 a 4500</marc:leader>
   <marc:datafield ind1="1" ind2=" " tag="100">
      <marc:subfield code="a">Walder, Vanessa</marc:subfield>
      <marc:subfield code="4">aut</marc:subfield>
      <marc:subfield code="e">Verfasser/-in</marc:subfield>
   </marc:datafield>
   <marc:datafield ind1="0" ind2="0" tag="245">
      <marc:subfield code="a">Froschprinzessinnen.</marc:subfield>
   </marc:datafield>
   <marc:datafield ind1="0" ind2="0" tag="245">
      <marc:subfield code="b">Schwindel, Schwestern, Schokoflocken.</marc:subfield>
   </marc:datafield>
   <marc:datafield ind1="0" ind2="0" tag="245">
      <marc:subfield code="c">Vanessa Walder</marc:subfield>
   </marc:datafield>
   <marc:datafield ind1=" " ind2="1" tag="264">
      <marc:subfield code="a">Bindlach</marc:subfield>
      <marc:subfield code="b">Loewes</marc:subfield>
      <marc:subfield code="c">2008</marc:subfield>
   </marc:datafield>
   <marc:datafield ind1="1" ind2=" " tag="490">
      <marc:subfield code="a">Leselöwen</marc:subfield>
   </marc:datafield>
   <marc:datafield ind1=" " ind2=" " tag="250">
      <marc:subfield code="a">1</marc:subfield>
   </marc:datafield>
   <marc:datafield ind1="1" ind2=" " tag="520">
      <marc:subfield code="a">Kurzbeschreibung: Große Schwestern sind eine Herausforderung - besonders an Tagen, an denen man nett zu ihnen sein will. Sarah fällt einfach kein spektakuläres Geschenk für ihre Schwester Bernadette ein - bis ihr der Sänger Zack Blend von einem Plakat entgegenlacht. Volltreffer! Nun muss sie nur noch eine Karte für das Konzert des Teenieschwarms organisieren. Das ist aber gar nicht so einfach, und Sarah und die anderen Froschprinzessinnen geben alles, um ihr Ziel zu erreichen. Wenn das keine Geschwisterliebe ist! Ab 8 Jahren.</marc:subfield>
   </marc:datafield>
   <marc:datafield ind1=" " ind2=" " tag="020">
      <marc:subfield code="a">3785563337</marc:subfield>
      <marc:subfield code="9">3785563337</marc:subfield>
   </marc:datafield>
   <marc:datafield ind1=" " ind2=" " tag="300">
      <marc:subfield code="a">80</marc:subfield>
   </marc:datafield>
</marc:record>
